000 00449nam a2200181Ia 4500
005 20250508152648.0
008 008 250505s9999 xx 000 0 eng d
037 _aTextual
040 _aFEDL
_beng
_cFEDL
041 _aeng
_2eng
084 _a336.1, PRI
_qFEDL
100 _aPrest A.R.
_9762093
245 0 _aPublic finance
300 _a408p.
650 _aEconomics
942 _cTEXL
_h336.1, PRI
999 _c1337878
_d1337878